| 000 | 00423nam a2200169 i 4500 | ||
|---|---|---|---|
| 001 | bg | ||
| 100 | 1 | _aStrong, Bryan. | |
| 245 | 0 |
_aThe Unix Word Processing Book : _bA step- by- step Guide / _cB. Strong, J. Hosler. |
|
| 260 |
_aNew York, _c1988. |
||
| 650 | 9 | _aUNIX | |
| 700 | 1 | _aHosler, Jay. | |
| 040 | _cBPK | ||
| 041 | _apol | ||
| 080 | _a681.322.066Unix | ||
| 942 | _cKS | ||
| 008 | s pl f |000 0 pol | ||
| 999 |
_c5465 _d5465 |
||
| 856 |
_uhttp://koha.tu.koszalin.pl/cgi-bin/koha/opac-detail.pl?biblionumber=5465 _yKatalog online BPK |
||